000 00403nam a2200157 i 4500
001 81340
003 ES-MaACL
007 t|
008 041104s1974 sp ||||1| spa d
100 1 _aHueso, Eduardo.
_964584
245 1 0 _aProducción bancaria /
_cEduardo Hueso.
250 _a[3ª ed.].
260 _a[Madrid :
_bs.n.,
_c1974]
300 _a380 p. ;
_c25 cm.
852 _aES-MaACL
_jE-5278
_bR.89513
999 _c81340
_d81340